[Event "AUTO-INT-3827"]
[Site "http://www.queenalice.com/game.php?id=1828390"]
[Date "2024.1.3"]
[Round "2"]
[White "rodrigoma85"]
[Black "bdpq"]
[Result "1-0"]
[WhiteElo "1788"]
[BlackElo "1652"]

1. e4 e5 2. Nf3 d6 3. Bc4 Be6 4. Bxe6 fxe6 5. O-O Nc6 6. d3 d5 7. exd5 exd5 8.
Bg5 Be7 9. Bxe7 Qxe7 10. Re1 O-O-O 11. c3 e4 12. Nd4 Nxd4 13. cxd4 Nf6 14. Nc3
h5 15. h3 g5 16. Re3 g4 17. h4 a6 18. dxe4 Nd7 19. Nxd5 Qxh4 20. Rg3 Rhg8 21.
Qd2 c6 22. Rc1 Rde8 23. e5 Qd8 24. Qb4 Qg5 25. Rgc3 Qh6 26. Qa5 Kb8 27. Qc7+ Ka7
28. Rxc6 Re6 29. Qxd7 Qg7 30. Qxe6 bxc6 31. Rxc6 Kb8 32. Qd6+ Kb7 33. Rxa6 Kc8
34. Qc6+ 1-0

[Event "AUTO-INT-3827"]
[Site "http://www.queenalice.com/game.php?id=1828391"]
[Date "2024.1.3"]
[Round "2"]
[White "bdpq"]
[Black "rodrigoma85"]
[Result "0-1"]
[WhiteElo "1641"]
[BlackElo "1799"]

1. e4 e5 2. d4 g6 3. dxe5 Nc6 4. Bf4 Bg7 5. Nc3 Nge7 6. Bb5 a6 7. Bc4 O-O 8. Nf3
Na5 9. Bd3 b5 10. Nd5 d6 11. O-O Bg4 12. Be2 Bxf3 13. Bxf3 dxe5 14. Nxe7+ Qxe7
15. Bd2 Rad8 16. Qe1 Nc4 17. Bc3 Qg5 18. Qc1 Qxc1 19. Raxc1 c5 20. Be2 Nd6 21.
Rfd1 b4 22. Bd2 a5 23. Be1 Nxe4 24. Bf3 Rxd1 25. Rxd1 Ng5 26. Bc6 e4 27. b3 Bf6
28. Bd2 Rd8 29. Kf1 e3 30. fxe3 Bc3 31. Ke2 Bxd2 32. Kf1 f5 33. Ke2 Kf8 34. Kf2
Ke7 35. Ke2 Bc3 36. Rb1 Rd2+ 37. Kf1 Rxc2 38. Rd1 Rxa2 39. h4 Ne4 40. Rd7+ Kf8
41. Rxh7 Ng3+ 42. Kg1 Bg7 43. Bd5 Re2 44. Kh2 Rxe3 45. Bc4 f4 46. Kh3 Ne4+ 47.
Kg4 Nf6+ 48. Kxf4 Re4+ 49. Kf3 Rxc4 50. bxc4 Nxh7 51. Ke3 a4 0-1

[Event "AUTO-ADV-4715"]
[Site "http://www.queenalice.com/game.php?id=1830887"]
[Date "2024.2.4"]
[Round "2"]
[White "OnlyJoking"]
[Black "rodrigoma85"]
[Result "0-1"]
[WhiteElo "1870"]
[BlackElo "1830"]

1. d4 Nf6 2. c4 d6 3. Nc3 g6 4. Bg5 Bg7 5. e3 O-O 6. Bd3 e6 7. h4 h6 8. Bf4 Nc6
9. a3 e5 10. dxe5 dxe5 11. Bh2 Be6 12. Nge2 Ng4 13. Qd2 f5 14. f3 Nf6 15. Rd1
Nd7 16. Qc2 a6 17. b4 Qxh4+ 18. g3 Qf6 19. O-O Nb6 20. Qb1 Bxc4 21. Bxc4+ Nxc4
22. Qa2 Qf7 23. Rf2 b5 24. Rd3 Rad8 25. Nc1 Rxd3 26. Nxd3 Nxe3 27. Qxf7+ Rxf7
28. Nc5 Nb8 29. Rd2 Bf6 30. Kf2 Nc4 31. Ra2 e4 32. fxe4 Bxc3 33. Ke2 Bg7 34. a4
Nc6 35. axb5 axb5 36. Bg1 Re7 37. Kf3 Nxb4 38. Re2 Ne5+ 39. Kf4 Ned3+ 40. Nxd3
Nxd3+ 41. Kf3 fxe4+ 42. Rxe4 Rxe4 0-1

[Event "AUTO-ADV-4715"]
[Site "http://www.queenalice.com/game.php?id=1830888"]
[Date "2024.2.4"]
[Round "2"]
[White "rodrigoma85"]
[Black "OnlyJoking"]
[Result "1-0"]
[WhiteElo "1809"]
[BlackElo "1937"]

1. e4 c5 2. d4 cxd4 3. Qxd4 Nc6 4. Qd1 e5 5. Nf3 Nf6 6. Nc3 Bb4 7. Bd2 d6 8. Be2
a6 9. O-O Bxc3 10. Bxc3 Nxe4 11. Bd2 Nxd2 12. Qxd2 h6 13. Bc4 O-O 14. Bd5 Ne7
15. Bb3 Qc7 16. a4 a5 17. c3 b6 18. Bc2 Bf5 19. Bb3 Be6 20. c4 Qc5 21. Rac1 Nf5
22. Rfe1 Rad8 23. Re4 f6 24. g4 Ne7 25. h3 Ng6 26. Qe1 Nf4 27. Rxf4 exf4 28.
Qxe6+ Kh7 29. Bc2+ Kh8 30. Bg6 Qc7 31. Re1 Qd7 32. Nd4 Qc7 33. Qd5 Rd7 34. Nc6
Rc8 35. Qe4 1-0

[Event "AUTO-OPEN-4513"]
[Site "http://www.queenalice.com/game.php?id=1832698"]
[Date "2024.3.4"]
[Round "1"]
[White "Pumpernickel"]
[Black "rodrigoma85"]
[Result "0-1"]
[WhiteElo "1985"]
[BlackElo "1856"]

1. f4 Nf6 2. Nf3 d6 3. e3 g6 4. Be2 Bg7 5. O-O O-O 6. Nc3 e6 7. d4 d5 8. b3 a6
9. Bb2 Ng4 10. Qd2 f5 11. h3 Nf6 12. Ne5 b5 13. Nd1 Ne4 14. Qe1 Bb7 15. Nc3 Nd7
16. Bd3 c6 17. Bxe4 dxe4 18. b4 a5 19. bxa5 Nb8 20. a3 Ba6 21. g4 Bxe5 22. dxe5
Rf7 23. Rf2 Qxa5 24. Kg2 Nd7 25. Rd2 Bb7 26. Kg3 Qb6 27. Rad1 Nc5 28. g5 Qc7 29.
Ne2 Rd7 30. Rxd7 Nxd7 31. Nd4 Nf8 32. h4 Qb6 33. Qb4 Bc8 34. c4 Ra4 35. Qb3 Rxc4
36. Rc1 Rxc1 37. Bxc1 Bd7 38. Bd2 c5 39. Nc2 Bc6 40. a4 b4 41. Nxb4 cxb4 42.
Bxb4 Bd5 43. Qa3 Nd7 44. a5 Qa6 0-1

[Event "AUTO-OPEN-4513"]
[Site "http://www.queenalice.com/game.php?id=1832699"]
[Date "2024.3.4"]
[Round "1"]
[White "rodrigoma85"]
[Black "Pumpernickel"]
[Result "1/2-1/2"]
[WhiteElo "1853"]
[BlackElo "1976"]

1. e4 d5 2. exd5 Qxd5 3. Nc3 Qe5+ 4. Nge2 c6 5. g3 Bf5 6. Bg2 Nf6 7. O-O e6 8.
d3 h6 9. Bf4 Qa5 10. Nd4 Bh7 11. Bd2 Bb4 12. a3 Bxc3 13. Bxc3 Qc7 14. f4 O-O 15.
Bd2 Nbd7 16. b4 a6 17. Nb3 Rad8 18. Be3 Rfe8 19. a4 Nd5 20. Bd2 Qd6 21. d4 N7f6
22. Nc5 Ne7 23. c3 Qc7 24. a5 Nc8 25. Bf3 Nd6 26. Re1 Nd7 27. Na4 Nb5 28. Be3
Nf8 29. Bd2 Nd7 30. Be4 Bxe4 31. Rxe4 Nf6 32. Re5 Nd7 33. Re3 Nd6 34. Nb2 Nf5
35. Re4 Nf6 36. Re1 Ne7 1/2-1/2

[Event "AUTO-OPEN-4513"]
[Site "http://www.queenalice.com/game.php?id=1832720"]
[Date "2024.3.4"]
[Round "1"]
[White "rodrigoma85"]
[Black "game"]
[Result "1-0"]
[WhiteElo "1848"]
[BlackElo "1572"]

1. d4 d5 2. e3 Nc6 3. Nc3 Bf5 4. a3 e5 5. Nf3 Bg4 6. h3 Bf5 7. Bb5 Qf6 8. Nxe5
Be4 9. Bxc6+ bxc6 10. O-O Bd6 11. f4 Qh4 12. Nxe4 dxe4 13. Nxc6 Ne7 14. Nxe7
Bxe7 15. Qg4 Qxg4 16. hxg4 g5 17. fxg5 Bxg5 18. c4 h5 19. d5 h4 20. b4 h3 21.
gxh3 Rxh3 22. Kg2 Rh4 23. Kg3 Ke7 24. Bb2 Rg8 25. Bd4 Rg6 26. Rh1 f5 27. Rxh4
Bxh4+ 28. Kxh4 fxg4 29. Kg3 Rg8 30. Rf1 Kd8 31. Bxa7 Kd7 32. Bc5 Ra8 33. b5 Ra4
34. Bb4 Ra8 35. Rf7+ Ke8 36. Rxc7 Kd8 37. Rg7 Rc8 38. c5 Ke8 39. c6 Rb8 40. Rg8+
1-0

[Event "AUTO-OPEN-4513"]
[Site "http://www.queenalice.com/game.php?id=1832721"]
[Date "2024.3.4"]
[Round "1"]
[White "game"]
[Black "rodrigoma85"]
[Result "0-1"]
[WhiteElo "1476"]
[BlackElo "1848"]

1. e4 e5 2. Nf3 d6 3. d4 exd4 4. Bc4 Bg4 5. Qd3 c5 6. Ng5 Nh6 7. Bd5 Nc6 8. Kd2
Qxg5+ 9. Ke1 Qxc1+ 10. Qd1 Qxd1# 0-1

[Event "AUTO-OPEN-4513"]
[Site "http://www.queenalice.com/game.php?id=1832722"]
[Date "2024.3.4"]
[Round "1"]
[White "rodrigoma85"]
[Black "CCapivara"]
[Result "0-1"]
[WhiteElo "1858"]
[BlackElo "2223"]

1. d4 d5 2. e3 Nf6 3. Be2 Bf5 4. Nc3 e6 5. Nf3 Bd6 6. O-O Nbd7 7. a3 O-O 8. Nh4
Bg6 9. Nxg6 hxg6 10. b4 c6 11. f4 b6 12. Ba6 Qc7 13. Bd3 c5 14. Nb5 Qb8 15. c3
a6 16. Nxd6 Qxd6 17. bxc5 bxc5 18. c4 cxd4 19. cxd5 Qxd5 20. Bd2 dxe3 21. Bxe3
Rfd8 22. Qe2 Nc5 23. Bxc5 Qxc5+ 24. Kh1 a5 25. a4 Rd4 26. Rac1 Qd6 27. Bb5 Nd5
28. g3 Rd8 29. Rc6 Qb4 30. Rc4 Rxc4 31. Qxc4 Qxc4 32. Bxc4 Ne3 33. Rc1 Rc8 34.
Rc3 Nxc4 35. h4 Nb6 36. Rb3 Nxa4 37. Kg2 Nc3 38. Kf2 a4 39. Ra3 Rc4 40. Kg2 Nb5
41. Ra2 a3 42. Kf3 f5 43. Kg2 Rb4 44. Kf3 Rb3+ 0-1

[Event "AUTO-OPEN-4513"]
[Site "http://www.queenalice.com/game.php?id=1832723"]
[Date "2024.3.4"]
[Round "1"]
[White "CCapivara"]
[Black "rodrigoma85"]
[Result "1-0"]
[WhiteElo "2237"]
[BlackElo "1850"]

1. e4 e5 2. f4 exf4 3. Nf3 d6 4. Bc4 g6 5. d4 g5 6. O-O g4 7. Bxf4 Nc6 8. c3 Bd7
9. Ng5 Nh6 10. Nxf7 Nxf7 11. Nd2 Na5 12. Bxf7+ 1-0

[Event "AUTO-ADV-4784"]
[Site "http://www.queenalice.com/game.php?id=1835657"]
[Date "2024.4.24"]
[Round "1"]
[White "marcoswerneck"]
[Black "rodrigoma85"]
[Result "1/2-1/2"]
[WhiteElo "1927"]
[BlackElo "1877"]

1. e4 e5 2. d3 Nf6 3. a3 Bc5 4. h3 O-O 5. g4 d6 6. Qe2 Nc6 7. Nf3 Nd4 8. Nxd4
Bxd4 9. g5 Ne8 10. h4 Be6 11. Nd2 Qd7 12. Nb3 Bxb3 13. cxb3 c5 14. h5 g6 15. Be3
Bxe3 16. Qxe3 b6 17. hxg6 fxg6 18. Qh3 Qxh3 19. Bxh3 Nc7 20. a4 a5 21. Ke2 Na6
22. Rh2 Kg7 23. Rah1 Rf4 24. Bf5 gxf5 25. Rxh7+ Kg6 26. R1h6+ Kxg5 27. Rxd6 fxe4
28. Ke3 exd3 29. Rg7+ Kf5 30. Rxb6 Nb4 31. Rf7+ Kg5 32. Rg7+ Kh5 33. Rbg6 Raf8
34. Rg5+ Kh6 35. R5g6+ Kh5 36. Rg3 Kh6 37. R3g6+ Kh5 38. Rg3 Kh6 39. R7g6+ Kh7
40. Rg7+ Kh6 41. R7g6+ Kh7 42. Rg7+ Kh6 1/2-1/2

[Event "AUTO-ADV-4784"]
[Site "http://www.queenalice.com/game.php?id=1835658"]
[Date "2024.4.24"]
[Round "1"]
[White "rodrigoma85"]
[Black "marcoswerneck"]
[Result "1-0"]
[WhiteElo "1879"]
[BlackElo "1940"]

1. e4 e5 2. Nf3 d6 3. Be2 h6 4. O-O g5 5. d3 g4 6. Nfd2 h5 7. g3 Nf6 8. Nc3 h4
9. Nc4 Rg8 10. Ne3 hxg3 11. fxg3 Bd7 12. Ncd5 Nxd5 13. Nxd5 Bc6 14. Nf6+ Qxf6
15. Rxf6 Nd7 16. Rf2 O-O-O 17. Bxg4 Kb8 18. Be3 Nf6 19. Rxf6 Be8 20. a3 Be7 21.
Rf2 f6 22. c4 Bf7 23. Bf3 Be6 24. Bg2 Bg4 25. Qc2 Rg6 26. b4 Bd7 27. d4 Rdg8 28.
d5 R6g7 29. b5 b6 30. a4 Kb7 31. Raf1 Rh8 32. Rf5 Rgh7 33. h3 Rg7 34. R1f3 Rhg8
35. Kh2 Kb8 36. Bf2 Kb7 37. Qd2 Be8 38. Rxf6 Bh5 39. g4 Bg6 40. Qe3 Be8 41. R6f5
Bg5 42. Qe2 Bf4+ 43. R5xf4 exf4 44. Rxf4 Bd7 45. Qf3 Kc8 46. Rf8+ 1-0

[Event "AUTO-ADV-4784"]
[Site "http://www.queenalice.com/game.php?id=1835671"]
[Date "2024.4.24"]
[Round "1"]
[White "Spessatto"]
[Black "rodrigoma85"]
[Result "0-1"]
[WhiteElo "1663"]
[BlackElo "1885"]

1. d4 Nf6 2. Nf3 d6 3. h3 e6 4. Bf4 Be7 5. e3 O-O 6. Bc4 c6 7. c3 Nbd7 8. Nbd2
b5 9. Bb3 Nh5 10. Bh2 Nb6 11. O-O g6 12. Ne4 f5 13. Ng3 Nxg3 14. Bxg3 Nd5 15.
Qe2 Nb6 16. Bf4 a5 0-1

[Event "AUTO-ADV-4784"]
[Site "http://www.queenalice.com/game.php?id=1835672"]
[Date "2024.4.24"]
[Round "1"]
[White "rodrigoma85"]
[Black "Spessatto"]
[Result "1-0"]
[WhiteElo "1877"]
[BlackElo "1671"]

1. d4 d5 2. Nf3 Nc6 3. e3 Bg4 4. h3 Bh5 5. c3 e6 6. Be2 Nf6 7. Nbd2 Bd6 8. Bb5
O-O 9. O-O h6 10. Qc2 Bg6 11. Bd3 Bxd3 12. Qxd3 Ne7 13. Ne5 Ne4 14. Nxe4 dxe4
15. Qxe4 b6 16. Bd2 1-0

[Event "AUTO-ADV-4784"]
[Site "http://www.queenalice.com/game.php?id=1835679"]
[Date "2024.4.24"]
[Round "1"]
[White "prof_zeco"]
[Black "rodrigoma85"]
[Result "1-0"]
[WhiteElo "1925"]
[BlackElo "1892"]

1. d4 Nf6 2. c4 g6 3. Nf3 d6 4. e3 Bg7 5. Be2 O-O 6. O-O a6 7. Nc3 Nc6 8. Rb1
Bd7 9. b3 e5 10. dxe5 dxe5 11. e4 Bg4 12. Nd5 Nxd5 13. cxd5 Ne7 14. Ba3 Re8 15.
Nd2 Bxe2 16. Qxe2 f5 17. Bxe7 Rxe7 18. exf5 gxf5 19. Nf3 Qxd5 20. Rbd1 Qb5 21.
Qd2 h6 22. Rfe1 e4 23. Nh4 Kh7 24. Qf4 Qe5 25. Qxf5+ Qxf5 26. Nxf5 Rf7 27. Nxg7
Kxg7 28. Rxe4 c6 29. Rg4+ Kh7 30. h4 Rg7 31. Rxg7+ Kxg7 32. Rd7+ Kf6 33. Rxb7 a5
34. Rb6 Rc8 35. Ra6 Ke6 36. Rxa5 Kd6 37. Rh5 Rh8 38. a4 c5 39. g4 1-0

[Event "AUTO-ADV-4784"]
[Site "http://www.queenalice.com/game.php?id=1835680"]
[Date "2024.4.24"]
[Round "1"]
[White "rodrigoma85"]
[Black "prof_zeco"]
[Result "1-0"]
[WhiteElo "1875"]
[BlackElo "1908"]

1. e4 e5 2. Nc3 Nf6 3. Nf3 d6 4. Be2 Bg4 5. O-O Be7 6. d3 h6 7. b3 c6 8. h3 Be6
9. Nh2 d5 10. exd5 cxd5 11. Bb2 d4 12. Ne4 Nd5 13. c4 dxc3 14. Bc1 Bf5 15. a3
Qa5 16. Be3 O-O 17. b4 Qc7 18. Qc2 Nd7 19. Bg4 Bxe4 20. dxe4 N5f6 21. Bf3 a5 22.
b5 Rfc8 23. a4 Bb4 24. Be2 Nb6 25. Bxb6 Qxb6 26. Rad1 Ne8 27. Rd5 Nf6 28. Rxe5
Qd6 29. Nf3 Re8 30. Rxe8+ Nxe8 31. Rd1 Qb6 32. e5 Rc8 33. Bd3 g6 34. Re1 Ng7 35.
Re4 Nf5 36. g4 Ne7 37. Bc4 Kg7 38. Rf4 Rf8 39. Rf6 Qd8 40. Kg2 Ng8 41. Rf4 Qc7
42. Rd4 h5 43. g5 Bc5 44. Rd3 Bb4 45. Bb3 Ne7 46. Qe2 Nf5 47. Qc2 Rd8 48. h4 1-0

[Event "AUTO-INT-3827"]
[Site "http://www.queenalice.com/game.php?id=1835757"]
[Date "2024.4.27"]
[Round "3"]
[White "altair"]
[Black "rodrigoma85"]
[Result "1-0"]
[WhiteElo "1729"]
[BlackElo "1892"]

1. e4 e5 2. Nf3 Nc6 3. a3 Be7 4. Nc3 Nf6 5. h3 d6 6. b4 O-O 7. Bc4 b6 8. O-O Nd4
9. Nxd4 exd4 10. Nd5 c6 11. Nf4 b5 12. Bb3 c5 13. bxc5 dxc5 14. d3 Bb7 15. Re1
Bc6 16. e5 Nd5 17. Qg4 Nxf4 18. Qxf4 Bd5 19. a4 Bxb3 20. cxb3 b4 21. Qg4 Kh8 22.
Re4 g6 23. Qf3 Bg5 24. Rg4 Bxc1 25. Rxc1 Qe7 26. Qd5 Rad8 27. Qxc5 Qxc5 28. Rxc5
Rc8 29. Rd5 Rc3 30. Rgxd4 Rxb3 31. Ra5 Rb1+ 32. Kh2 b3 33. Rb4 b2 34. Rxa7 h5
35. Rab7 g5 36. Rxb2 Rxb2 37. Rxb2 Rd8 38. Rb3 Kg7 39. a5 Rd5 40. Ra3 Rxe5 41.
a6 Re8 42. a7 Ra8 43. Kg3 Kf6 44. Kf3 Ke6 45. Ke4 f5+ 46. Kd4 f4 47. Kc5 Kd7 48.
Kb6 Kc8 49. Ra5 1-0

[Event "AUTO-INT-3827"]
[Site "http://www.queenalice.com/game.php?id=1835758"]
[Date "2024.4.27"]
[Round "3"]
[White "rodrigoma85"]
[Black "altair"]
[Result "0-1"]
[WhiteElo "1897"]
[BlackElo "1750"]

1. e4 e5 2. Nf3 h6 3. Be2 d6 4. O-O a6 5. b3 Nc6 6. Bb2 Be7 7. d4 Nf6 8. dxe5
dxe5 9. Qxd8+ Bxd8 10. Ba3 Be7 11. Bd3 O-O 12. Bxe7 Nxe7 13. Nxe5 b5 14. c3 Bb7
15. f3 Nc6 16. Nxc6 Bxc6 17. Bc2 Bb7 18. Na3 Nh5 19. Rad1 Nf4 20. Rd7 Rac8 21.
Re1 Bc6 22. Rd2 a5 23. c4 b4 24. Nb5 Bxb5 25. cxb5 Ng6 26. g3 Ne5 27. Kg2 Rfe8
28. f4 Ng6 29. e5 Rcd8 30. Rxd8 Rxd8 31. Rd1 Rb8 32. Rd7 Rxb5 33. Rxc7 Rd5 34.
Kf3 Rd2 35. h4 Nf8 36. Rc5 Ne6 37. Rc8+ Nf8 38. Ke3 Rg2 39. Kf3 Rd2 40. h5 g6
41. hxg6 fxg6 42. e6 Rxc2 43. Rxc2 Nxe6 44. Rd2 g5 45. fxg5 Nxg5+ 46. Kg4 Ne4
47. Rd5 Nf6+ 48. Kf5 Nxd5 49. Kg6 Nc3 0-1

[Event "Challenge"]
[Site "http://www.queenalice.com/game.php?id=1838014"]
[Date "2024.6.4"]
[Round "-"]
[White "rodrigoma85"]
[Black "jorm"]
[Result "0-1"]
[WhiteElo "1869"]
[BlackElo "1809"]

1. e4 e5 2. Nf3 Nc6 3. Bb5 Nge7 4. O-O a6 5. Ba4 d5 6. Nxe5 dxe4 7. Re1 Bf5 8.
Bxc6+ bxc6 9. Nc3 Qd4 10. Ng4 Nd5 11. Nxd5 cxd5 12. Ne3 Be6 13. d3 g6 14. c3 Qb6
15. d4 Bg7 16. Qb3 Qc6 17. h3 O-O 18. Bd2 f5 19. a4 f4 20. Nf1 f3 21. g4 h5 22.
Ng3 hxg4 23. h4 Bf6 24. Bg5 Bxg5 25. hxg5 Rab8 26. Qa2 Kg7 27. Re3 Qe8 28. b4
Qe7 29. b5 a5 30. c4 Qxg5 31. c5 Qh4 32. Kf1 Qh3+ 33. Ke1 Rh8 34. Kd2 Qg2 35.
Kc3 Rh2 36. Nxe4 dxe4 37. Qxe6 Qxf2 38. Qe5+ Kh7 39. Qxc7+ Kh6 40. Qf4+ Kh5 41.
Qxh2+ Qxh2 42. Rxe4 g3 43. Rf4 Qe2 44. Rh1+ Kg5 45. Rhh4 Qe3+ 46. Kc4 Qxf4 47.
Rxf4 Kxf4 0-1

[Event "aviões  USS St. Louis,2"]
[Site "http://www.queenalice.com/game.php?id=1843577"]
[Date "2024.9.13"]
[Round "-"]
[White "zubarev"]
[Black "rodrigoma85"]
[Result "0-1"]
[WhiteElo "1797"]
[BlackElo "1871"]

1. d4 Nf6 2. c4 g6 3. Nc3 Bg7 4. Nf3 d6 5. e4 O-O 6. Bd3 Bg4 7. Be2 c6 8. O-O a6
9. Be3 Bxf3 10. Bxf3 Nbd7 11. d5 c5 12. Qd2 Ne5 13. Be2 Qc8 14. Bh6 Rb8 15. Bxg7
Kxg7 16. f4 Neg4 17. e5 dxe5 18. h3 Nh6 19. fxe5 Nfg8 20. Ne4 f5 21. Ng5 Kh8 22.
e6 Rf6 23. Qe3 b5 24. g4 Qc7 25. Rad1 Qd6 26. b3 b4 27. Bf3 Rc8 28. Be2 a5 29.
Bd3 Kg7 30. Be2 f4 31. Qd2 Rcf8 32. Ne4 Qe5 33. Nxc5 Qe3+ 34. Qxe3 fxe3 0-1

[Event "Aero Por Trás da Aviação 2"]
[Site "http://www.queenalice.com/game.php?id=1843578"]
[Date "2024.9.13"]
[Round "-"]
[White "rodrigoma85"]
[Black "zubarev"]
[Result "1-0"]
[WhiteElo "1853"]
[BlackElo "1915"]

1. e4 e5 2. Nf3 Nc6 3. Be2 d6 4. c3 Be7 5. O-O Nf6 6. d3 O-O 7. b4 Bg4 8. h3 Bh5
9. a4 d5 10. b5 Na5 11. Nxe5 Bxe2 12. Qxe2 d4 13. c4 b6 14. Nd2 Bb4 15. Rb1 Bc3
16. Nb3 Nxb3 17. Rxb3 Qe7 18. Nc6 Qe8 19. Ba3 a6 20. Bxf8 Kxf8 21. e5 Nd7 22. f4
Nc5 23. Rxc3 dxc3 24. Qc2 axb5 25. axb5 Na4 26. Ra1 Nc5 27. Rxa8 Qxa8 28. Qxc3
Qa2 29. d4 Qb1+ 30. Kh2 Ne4 31. Qb4+ Kg8 32. Qxb1 1-0

[Event "Challenge"]
[Site "http://www.queenalice.com/game.php?id=1845842"]
[Date "2024.10.21"]
[Round "-"]
[White "rodrigoma85"]
[Black "harvir"]
[Result "1-0"]
[WhiteElo "1851"]
[BlackElo "1350"]

1. e4 d5 2. exd5 e6 3. dxe6 Nf6 4. exf7+ Kxf7 5. Nc3 Bc5 6. Qf3 Re8+ 7. Be2 Bg4
8. Qxb7 Bxe2 9. Ngxe2 Nbd7 10. O-O Rb8 11. Qf3 1-0

[Event "Challenge"]
[Site "http://www.queenalice.com/game.php?id=1847620"]
[Date "2024.11.23"]
[Round "-"]
[White "jogo"]
[Black "rodrigoma85"]
[Result "1-0"]
[WhiteElo "1943"]
[BlackElo "1884"]

1. e4 e5 2. d4 exd4 3. Qxd4 Nc6 4. Qe3 d6 5. c4 Nf6 6. h3 Be7 7. a3 O-O 8. Nc3
b6 9. Bd2 a5 10. O-O-O Ba6 11. f4 Nd7 12. Nf3 Nc5 13. e5 dxe5 14. Nxe5 Nxe5 15.
fxe5 c6 16. Kc2 a4 17. Ne4 Nxe4 18. Qxe4 Rc8 19. Bd3 g6 20. Bc3 c5 21. Be2 Qc7
22. Bg4 Rcd8 23. Rxd8 1-0